Programming in C (Record no. 7957)

MARC details
000 -LEADER
fixed length control field 00291nam a2200121Ia 4500
008 - FIXED-LENGTH DATA ELEMENTS--GENERAL INFORMATION
fixed length control field 191201s2013 xx 000 0 und d
020 ## - INTERNATIONAL STANDARD BOOK NUMBER
International Standard Book Number 9780198070047
100 ## - MAIN ENTRY--PERSONAL NAME
Personal name THAREJA, Reema
245 #0 - TITLE STATEMENT
Title Programming in C
250 ## - EDITION STATEMENT
Edition statement IMP8th
260 ## - PUBLICATION, DISTRIBUTION, ETC. (IMPRINT)
Date of publication, distribution, etc 2013
Name of publisher, distributor, etc Oxford
Place of publication, distribution, etc NEW DELHI
942 ## - ADDED ENTRY ELEMENTS (KOHA)
Source of classification or shelving scheme Dewey Decimal Classification
Koha item type Text Books
942 ## - ADDED ENTRY ELEMENTS (KOHA)
-- 13
Holdings
Withdrawn status Lost status Source of classification or shelving scheme Damaged status Not for loan Collection code Home library Current library Date acquired Source of acquisition Cost, normal purchase price Bill Number Total Checkouts Full call number Acc. no. / Barcode Date last seen Date last borrowed Actual Cost, discounted price Bill Date Koha item type
    Dewey Decimal Classification     BCA PIET C-LIBRARY PIET C-LIBRARY 28/02/2015 KIRTI PRAKASHAN, NEW DELHI 445.00 IN2295 7 005.133 THP BC1154 13/01/2023 31/12/2022 298.15 28/02/2015 Text Books
    Dewey Decimal Classification     BCA PIET C-LIBRARY PIET C-LIBRARY 28/02/2015 KIRTI PRAKASHAN, NEW DELHI 445.00 IN2295 7 005.133 THP BC1155 18/07/2022 04/07/2022 298.15 28/02/2015 Text Books

Design & Developed by: PIET Central Library
R70 Miles Stone Pattikalyana Samalkha Panipat 132102
mail ID :- [email protected], Phone No:- 0180-2569700 Ex.216